00587nam a22001937a 45000010005000000030009000050050017000140080041000310200015000720400028000870820020001152450067001352500012002022600033002143000028002475040051002756500044003267000023003706999BD-DhUAP20201221143538.0201221s2001 nyua b 001 0 eng  a0471249580 aDLCcDLCdBD-DhUAPbEng00223a657.834 MOR aSoftware industry accounting /cJoseph M. Morris ... [et al.]. a2nd ed. aNew York :bWiley, c©2001. avarious pages ;c24 cm. aIncludes bibliographical references and index. aComputer software industryvAccounting. aMorris, Joseph M.